| 000 | 00702nam a2200253Ia 4500 | ||
|---|---|---|---|
| 003 | OSt | ||
| 005 | 20220918230930.0 | ||
| 006 | a|||||r|||| 00| 0 | ||
| 007 | ta | ||
| 008 | 220917b |||||||| |||| 00| 0 eng d | ||
| 024 | _a261,603 | ||
| 037 | _cTextual | ||
| 040 |
_aARTS _cARTS _beng |
||
| 041 |
_2eng _aeng |
||
| 082 | _aYoaX, K7 | ||
| 100 |
_aArgyle Michael _917001 |
||
| 245 | 0 | _aSocial theory and economic change | |
| 260 |
_aLondon _bTavistock Publication _c1967 |
||
| 650 | _aSOCIOLOGY | ||
| 700 |
_a Bendix Reinhard _992120 |
||
| 700 |
_a Flin M W _9153516 |
||
| 942 |
_hYoaX, K7 _cTEXL _2CC |
||
| 999 |
_c289294 _d289294 |
||